Kiállítások és karnevál
Elmentve itt :
| Dokumentumtípus: | Cikk |
|---|---|
| Megjelent: |
1973-02-10
|
| Sorozat: | Délmagyarország
63 No. 34 |
| Kulcsszavak: | Kulturális élet úttörőház programjai 1973, úttörőmozgalom, kiállítások |
| Online Access: | http://dmarchiv.bibl.u-szeged.hu/71785 |
| LEADER | 00465nab a2200145 i 4500 | ||
|---|---|---|---|
| 001 | delm71785 | ||
| 005 | 20180928082355.0 | ||
| 008 | 180928s1973 hu o 0|| hun d | ||
| 040 | |a SZTE Délmagyarország Archívum |b hun | ||
| 041 | |a hun | ||
| 245 | 0 | 0 | |a Kiállítások és karnevál |h [elektronikus dokumentum] |
| 260 | |c 1973-02-10 | ||
| 300 | |a 5 | ||
| 490 | 0 | |a Délmagyarország |v 63 No. 34 | |
| 695 | |a Kulturális élet úttörőház programjai 1973, úttörőmozgalom, kiállítások | ||